| 000 | 00450nam a22001697a 4500 | ||
|---|---|---|---|
| 003 | NUST - PNEC | ||
| 005 | 20170116180958.0 | ||
| 008 | 150912b xxu||||| |||| 00| 0 eng d | ||
| 020 | _a0132423979 | ||
| 040 | _cLIBRARY | ||
| 082 | _a621.395 GAJ | ||
| 100 |
_99390 _aGajski, Daniel D. |
||
| 245 |
_a Principles of digital design _c Daniel D.Gajski |
||
| 260 | _cc.1997 | ||
| 650 |
_99392 _aLogic design--Data processing _xMIS |
||
| 942 |
_2ddc _cBK |
||
| 999 |
_c66621 _d66621 |
||